| 000 | 00663nam a22002057a 4500 | ||
|---|---|---|---|
| 003 | LK-CoDNM | ||
| 005 | 20241028151941.0 | ||
| 008 | 241028b |||||||| |||| 00| 0 eng d | ||
| 040 |
_aLK-CoDNM _dLK-CoDNM _eLK-CoDNM |
||
| 041 | _asin | ||
| 080 |
_aප්ර.ල _b4.1 |
||
| 245 |
_aලක්මිණිපහන - 1885 ජූලි 11 _b3 කාණ්ඩය 4 වෙනි පත්රය |
||
| 260 | _c1885 | ||
| 300 | _a2p. : ill , 44 cm | ||
| 650 | _aලක්මිණිපහන - 1885 ජූලි 11 | ||
| 650 | _a3 කාණ්ඩය 4 වෙනි පත්රය | ||
| 650 | _a1885 | ||
| 650 | _aප්ර.ල4.1 | ||
| 942 | _cBK | ||
| 999 |
_c223885 _d223885 |
||